Normal view
MARC view
- Cooling, Trevor
Entry Personal Name
001 - CONTROL NUMBER
- control field: 86777
003 - CONTROL NUMBER IDENTIFIER
- control field: OSt
005 - DATE AND TIME OF LATEST TRANSACTION
- control field: 20251010111100.0
008 - FIXED-LENGTH DATA ELEMENTS
- fixed length control field: 251010|| aca||aabn | a|a d
040 ## - CATALOGING SOURCE
- Original cataloging agency: OSt
- Transcribing agency: OSt
100 ## - HEADING--PERSONAL NAME
- Personal name: Cooling, Trevor
670 ## - SOURCE DATA FOUND
- Source citation: Work cat.: (OSt)49646: Agenda for educational change /, 1997.